000 00227nam a2200097Ia 4500
008 240625s9999 xx 000 0 und d
041 _aeng
100 _aWYSOCKI ROBERT K
245 _aEFFECTIVE PROJECT MANAGEMENT
260 _c2002
999 _c33117
_d33117